000 00730nam a2200265 a 4500
005 20140310183236.0
008 040609s19uu xx 00 eng d
020 _a981-2590-94-3
050 _aRM 301
_b.K44 2003
100 _aKee, Joyce LeFever.
245 _aPharmacology:
_ba nursing process approach. /
_cJoyce LeFever Kee.
250 _a4th ed.
260 _aPhiladelphia :
_bSaunders,
_c2003.
300 _a917 p. :
_bill. ;
_c26 cm.
521 _aNUR
650 _aPharmacology
_xNurse's Instruction.
650 _aDrug Theraphy
_xNurse's Instruction.
700 _aHayes, Evelyn
942 _cBK
_2lcc
_kFOR
999 _c20554
_d20554